| 000 | 00697nam a2200241 a 4500 | ||
|---|---|---|---|
| 001 | BRCA_3880 | ||
| 005 | 20190320204447.0 | ||
| 008 | 271209s1947----nyua######---#000-0#eng-# | ||
| 041 | _aeng | ||
| 044 | _anyu | ||
| 050 | 4 |
_aF1215 _b.C47 1947 |
|
| 100 | 1 |
_aCerwin, Herbert. _910100 |
|
| 245 | 1 | 0 |
_aThese are the Mexicans _cHerbert Cerwin. |
| 260 |
_aNew York _bReynal & Hitchcock _cc1947 |
||
| 300 |
_a384 p. _bil., mapas, retratos _c24 cm. |
||
| 500 | _aIncluye índice alfabético. | ||
| 500 | _aC40 | ||
| 650 | 1 | 4 |
_aViajeros estadounidenses _97583 |
| 651 | 4 |
_aMéxico _vDescripción y viajes _910101 |
|
| 651 | 4 |
_aMéxico _vVida social y costumbres _910039 |
|
| 902 | _aGFM | ||
| 942 |
_2lcc _cB |
||
| 999 |
_c3608 _d3608 |
||